000 00803nam a2200229 i 4500
001 bgj
100 1 _aFISHER, Ron
_d(1938- )
245 1 0 _aStill Waters, White Waters /
_cby Ron Fisher, photographed by Sam Abell ; prepared by the Special Publications Division National Geographic Society.
260 _aWashington D. C. :
_bNational Geographic Society,
_c1977.
300 _a199 pp :
_bill. ;
_c26 cm.
504 _aBibliography p. 198.
505 _aIncludes index.
650 9 _aCanoes and canoeing
_zUnited States
700 1 _aABELL, Sam.
_ephotos
710 p 0 _aSpecial Publications Division National Geographic Society
_aWashington D. C.
020 _a0870442371
040 _cBPK
041 0 _aeng
920 _a0-87044-237-1
942 _cKS
008 s uk f |000 0 eng
999 _c48610
_d48610
856 _uhttp://koha.tu.koszalin.pl/cgi-bin/koha/opac-detail.pl?biblionumber=48610
_yKatalog online BPK